000 00285nam a2200121Ia 4500
008 190216s9999||||xx |||||||||||||| ||und||
100 _aHari Singhpal
245 0 _aHindi-Mashal Jalthi Rahey
260 _bSundar Sahithya Sadan
_c2008
300 _a110
650 _aHindi
942 _cBK
999 _c16563
_d16563